Economía del bienestar y el cambio climático / (Registro nro. 14400)

Detalles MARC
000 -LIDER
fixed length control field 01282nam a22002777a 4500
003 - IDENTIFICACDOR DE NÚMERO DE CONTROL
control field DO-SdBNP
005 - DATE AND TIME OF LATEST TRANSACTION
control field 20230705130049.0
007 - CAMPOS FIJOS DE DESCRIPCIÓN FÍSICA
fixed length control field ta
008 - ELEMENTOS DE LONGITUD FIJA
fixed length control field 211001b2021 dr ad|| 00| 0 spa d
020 ## - ISBN
International Standard Book Number 9788845918564
040 ## - FUENTE DE CATALOGACIÓN
Agencia que crea de manera original el registro DO-SdBNP
Idioma de catalogación spa
Agencia que realiza la transcripción BPMSU
082 #4 - NÚMERO DE CLASIFICACIÓN DECIMAL DE DEWEY
Classification number 330
Item number A696e 2021
Edition number 22
100 1# - ASIENTO PRINCIPAL -- NOMBRE PERSONAL
Nombre personal Arias, José Adalberto
Fechas asociadas con el nombre 1951-
100 z# - ASIENTO PRINCIPAL -- NOMBRE PERSONAL
Nombre personal Arias, José A.
Fechas asociadas con el nombre 1951-
245 10 - MENCIÓN DE TITULO
Título Economía del bienestar y el cambio climático /
Mención de responsabilidad José Adalberto Arias ; presentación : Monseñor Víctor Massalles Pere.
260 ## - PUBLICACIÓN, DISTRIBUCIÓN, ETC. (PIE DE IMPRENTA)
Lugar de publicación, distribución, etc Santo Domingo :
Nombre del editor, distribuidor, etc. Editora Búho,
Fecha de publicación, distribución, etc 2021.
300 ## - DESCRIPCIÓN FÍSICA
Extensión 209 p. :
Otros detalles físicos il., gráf. ;
Dimensiones 23 cm.
500 ## - NOTA GENERAL
Nota general Incluye datos biográficos del autor en las solapas
505 0# - NOTA DE CONTENIDO
Texto normalizado de contenido Presentación /
Mención de responsabilidad Monseñor Víctor Masalles Pere --
Título Preámbulo --
-- La economía como ciencia --
-- La economía del bienestar --
-- El cuidado del medio ambiente --
-- El secreto financiero y el cambio climático --
-- Revolución climática en la economía mundial --
-- A manera de colofón : El covid-19 y el cambio climático
-- Bibliografía general --
590 ## - NOTA LOCAL
Texto de la nota local Inventariado, 2023/VM<br/><br/>
650 #4 - ENCABEZAMIENTO DE MATERIA--TEMÁTICO
Término temático o nombre geográfico como elemento de entrada Economía del bienestar
650 #4 - ENCABEZAMIENTO DE MATERIA--TEMÁTICO
Término temático o nombre geográfico como elemento de entrada Cambios climáticos
Subdivisión temática general Aspectos económicos.
650 #4 - ENCABEZAMIENTO DE MATERIA--TEMÁTICO
Término temático o nombre geográfico como elemento de entrada Ética social
910 ## - VALIDACIÓN
Validación VMateo V. Control de calidad (BPMSU)
942 ## - ADDED ENTRY ELEMENTS (KOHA)
Source of classification or shelving scheme Dewey Decimal Classification
Koha item type Libros
Existencias
Withdrawn status Lost status Source of classification or shelving scheme Damaged status Not for loan Collection code Home library Current library Date acquired Total Checkouts Full call number Barcode Date last seen Price effective from Koha item type
    Dewey Decimal Classification     Colección Dominicana Biblioteca Pública Metropolitana Salomé Ureña Biblioteca Pública Metropolitana Salomé Ureña 07/05/2023   BPMSU CD 330 A696e 2021 BPMSU23070010 07/05/2023 07/05/2023 Libros